Independent Theatre in Contemporary Europe (Record no. 63260)
[ view plain ]
| 000 -LEADER | |
|---|---|
| fixed length control field | 01464nam a2200253Ii 4500 |
| 008 - FIXED-LENGTH DATA ELEMENTS--GENERAL INFORMATION | |
| fixed length control field | 221202s xx 000 0 und d |
| 245 #0 - TITLE STATEMENT | |
| Title | Independent Theatre in Contemporary Europe |
| 246 ## - VARYING FORM OF TITLE | |
| Title proper/short title | Structures : Aesthetics : Cultural Policy |
| 264 #1 - PRODUCTION, PUBLICATION, DISTRIBUTION, MANUFACTURE, AND COPYRIGHT NOTICE | |
| Place of production, publication, distribution, manufacture | Bielefeld, Germany |
| Name of producer, publisher, distributor, manufacturer | transcript Verlag |
| Date of production, publication, distribution, manufacture, or copyright notice | 2017 |
| 300 ## - PHYSICAL DESCRIPTION | |
| Extent | 1 online resource |
| 336 ## - CONTENT TYPE | |
| Content type term | text |
| Content type code | txt |
| Source | rdacontent |
| 337 ## - MEDIA TYPE | |
| Media type term | computer |
| Media type code | c |
| Source | rdamedia |
| 338 ## - CARRIER TYPE | |
| Carrier type term | online resource |
| Carrier type code | cr |
| Source | rdacarrier |
| 490 ## - SERIES STATEMENT | |
| Series statement | Theater |
| 520 ## - SUMMARY, ETC. | |
| Summary, etc. | Over the past 20 years European theatre underwent fundamental changes in terms of aesthetic focus, institutional structure and in its position in society. The impetus for these changes was provided by a new generation in the independent theatre scene. This book brings together studies on the state of independent theatre in different European countries, focusing on the fields of dance and performance, children and youth theatre, theatre and migration and post-migrant theatre. Additionally, it includes essays on experimental musical theatre, and different cultural policies for independent theatre scenes in a range of European countries. |
| 653 ## - INDEX TERM--UNCONTROLLED | |
| Uncontrolled term | Dance |
| 653 ## - INDEX TERM--UNCONTROLLED | |
| Uncontrolled term | Independent Theatre |
| 653 ## - INDEX TERM--UNCONTROLLED | |
| Uncontrolled term | Media And Communications |
| 653 ## - INDEX TERM--UNCONTROLLED | |
| Uncontrolled term | Performance |
| 653 ## - INDEX TERM--UNCONTROLLED | |
| Uncontrolled term | Theatre |
| 700 1# - ADDED ENTRY--PERSONAL NAME | |
| Personal name | Brauneck, Manfred |
| 856 ## - ELECTRONIC LOCATION AND ACCESS | |
| Uniform Resource Identifier | <a href="https://library.oapen.org/bitstream/20.500.12657/31483/1/627657.pdfhttp://library.oapen.org/handle/20.500.12657/31483">https://library.oapen.org/bitstream/20.500.12657/31483/1/627657.pdfhttp://library.oapen.org/handle/20.500.12657/31483</a> |
| 942 ## - ADDED ENTRY ELEMENTS (KOHA) | |
| Koha item type | E-Book |
| Withdrawn status | Damaged status | Not for loan | Home library | Current library | Date acquired | Total Checkouts | Date last seen | Price effective from | Koha item type |
|---|---|---|---|---|---|---|---|---|---|
| Directory of Open Access Books | Directory of Open Access Books | 11/28/2022 | 11/28/2022 | 11/28/2022 | E-Book |